Normal view
MARC view
- علم الجريمة - الجرائم - البحث الاحصائي
Entry Topical Term
001 - CONTROL NUMBER
- control field: 12563
003 - CONTROL NUMBER IDENTIFIER
- control field: JO-AjAnu
005 - DATE AND TIME OF LATEST TRANSACTION
- control field: 20230606072320.0
008 - FIXED-LENGTH DATA ELEMENTS
- fixed length control field: 230606|| aca||aabn | a|a d
040 ## - CATALOGING SOURCE
- Original cataloging agency: JO-AjAnu
- Transcribing agency: JO-AjAnu
150 ## - HEADING--TOPICAL TERM
- Topical term or geographic name entry element: علم الجريمة - الجرائم - البحث الاحصائي
670 ## - SOURCE DATA FOUND
- Source citation: Work cat.: (JO-AjAnu)6466: المشهداني، اكرم عبدالرزاق / م.مشارك نشأت بهجت البكري, author 12562, موسوعة علم الجريمة و البحث الإحصائي الجنائي في القضاء و الشرطة و السجون